00757 2200277 4500001002100000005001500021035002500036007000300061008004100064020002200105040001700127082001400144084001600158090002000174090002200194100001700216245005100233260003600284300004300320504002800363650001800391650001400409850001200423999002200435990002200457INLIS00000000002914220241031010630 a0010-071700000000312ta170712s2015 yoia g ind d a978-602-280-605-9 aYOPDYOGbind04222a394.4 a394.4 IPI m aDEP 394.4 IPI m aCB-D.11 2015-24210 aIpik Permana00aMengenal keprotokolan nasional /cIpik Permana3 aYogyakarta :bDeepublish,c2015 aviii, 58 halaman :bilustrasi ;c20 cm aBibliografi: halaman 57 4aPembawa acara 4aDiplomasi aYOPDYOG aCB-D.11/2015-2421 aCB-D.11/2015-2421